Bangladesh Financial Reporting standard(BFRS) (Record no. 4836)
[ view plain ]
| 000 -LEADER | |
|---|---|
| fixed length control field | 00649nam a2200205Ia 4500 |
| 003 - CONTROL NUMBER IDENTIFIER | |
| control field | BUBTL |
| 008 - FIXED-LENGTH DATA ELEMENTS--GENERAL INFORMATION | |
| fixed length control field | 151213s9999 xx 000 0 und d |
| 082 ## - DEWEY DECIMAL CLASSIFICATION NUMBER | |
| Classification number | 657.3095492 |
| Item number | ICAB |
| 100 ## - MAIN ENTRY--PERSONAL NAME | |
| Personal name | The Institute of Chartered Accounting of BD |
| 9 (RLIN) | 5644 |
| 245 ## - TITLE STATEMENT | |
| Title | Bangladesh Financial Reporting standard(BFRS) |
| Statement of responsibility, etc. | The Institute of Chartered Accounting of BD |
| 250 ## - EDITION STATEMENT | |
| Edition statement | 1st |
| 260 ## - PUBLICATION, DISTRIBUTION, ETC. (IMPRINT) | |
| Place of publication, distribution, etc. | Bangladesh |
| Name of publisher, distributor, etc. | ICAB |
| Date of publication, distribution, etc. | 2008 |
| 300 ## - PHYSICAL DESCRIPTION | |
| Extent | 359p . : |
| Other physical details | 21cm . |
| Dimensions | Finance . |
| 650 ## - SUBJECT ADDED ENTRY--TOPICAL TERM | |
| Topical term or geographic name as entry element | Finance |
| 650 ## - SUBJECT ADDED ENTRY--TOPICAL TERM | |
| Topical term or geographic name as entry element | Finance |
| 700 ## - ADDED ENTRY--PERSONAL NAME | |
| Personal name | The Institute of Chartered Accounting of BD |
| 9 (RLIN) | 5644 |
| 856 ## - ELECTRONIC LOCATION AND ACCESS | |
| Password | 0 |
| Logon | 0 |
| Link text | Download |
| 942 ## - ADDED ENTRY ELEMENTS (KOHA) | |
| Source of classification or shelving scheme | |
| Koha item type | Books |
| Withdrawn status | Lost status | Source of classification or shelving scheme | Damaged status | Not for loan | Collection code | Permanent location | Current location | Shelving location | Date acquired | Inventory number | Total Checkouts | Full call number | Barcode | Date last seen | Copy number | Price effective from | Koha item type |
|---|---|---|---|---|---|---|---|---|---|---|---|---|---|---|---|---|---|
| Non-fiction | Bangladesh University of Business and Technology Library | Bangladesh University of Business and Technology Library | Finance Stacks | 02/06/2018 | 10245 | 657.3095492 ICAB | BUBTL-200310245 | 02/06/2018 | C-1 | 02/06/2018 | Books | ||||||
| Non-fiction | Bangladesh University of Business and Technology Library | Bangladesh University of Business and Technology Library | Finance Stacks | 02/06/2018 | 10227 | 657.3095492 ICAB | BUBTL-200310227 | 02/06/2018 | C-2 | 02/06/2018 | Books | ||||||
| Non-fiction | Bangladesh University of Business and Technology Library | Bangladesh University of Business and Technology Library | Finance Stacks | 02/06/2018 | 10219 | 657.3095492 ICAB | BUBTL-200310219 | 02/06/2018 | C-3 | 02/06/2018 | Books | ||||||
| Non-fiction | Bangladesh University of Business and Technology Library | Bangladesh University of Business and Technology Library | Finance Stacks | 02/06/2018 | 10244 | 657.3095492 ICAB | BUBTL-200310244 | 02/06/2018 | C-4 | 02/06/2018 | Books | ||||||
| Non-fiction | Bangladesh University of Business and Technology Library | Bangladesh University of Business and Technology Library | Finance Stacks | 02/06/2018 | 10237 | 657.3095492 ICAB | BUBTL-200310237 | 02/06/2018 | C-5 | 02/06/2018 | Books | ||||||
| Non-fiction | Bangladesh University of Business and Technology Library | Bangladesh University of Business and Technology Library | Finance Stacks | 02/06/2018 | 10233 | 657.3095492 ICAB | BUBTL-200310233 | 02/06/2018 | C-6 | 02/06/2018 | Books | ||||||
| Non-fiction | Bangladesh University of Business and Technology Library | Bangladesh University of Business and Technology Library | Finance Stacks | 02/06/2018 | 10231 | 657.3095492 ICAB | BUBTL-200310231 | 02/06/2018 | C-7 | 02/06/2018 | Books | ||||||
| Not For Loan | Non-fiction | Bangladesh University of Business and Technology Library | Bangladesh University of Business and Technology Library | Finance Stacks | 02/06/2018 | 10220 | 657.3095492 ICAB | BUBTL-200310220 | 02/06/2018 | C-8 | 02/06/2018 | Books | |||||
| Non-fiction | Bangladesh University of Business and Technology Library | Bangladesh University of Business and Technology Library | Finance Stacks | 02/06/2018 | 10243 | 657.3095492 ICAB | BUBTL-200310243 | 02/06/2018 | C-9 | 02/06/2018 | Books | ||||||
| Non-fiction | Bangladesh University of Business and Technology Library | Bangladesh University of Business and Technology Library | Finance Stacks | 02/06/2018 | 10235 | 657.3095492 ICAB | BUBTL-200310235 | 02/06/2018 | C-10 | 02/06/2018 | Books | ||||||
| Non-fiction | Bangladesh University of Business and Technology Library | Bangladesh University of Business and Technology Library | Finance Stacks | 02/06/2018 | 10229 | 657.3095492 ICAB | BUBTL-200310229 | 02/06/2018 | C-11 | 02/06/2018 | Books | ||||||
| Non-fiction | Bangladesh University of Business and Technology Library | Bangladesh University of Business and Technology Library | Finance Stacks | 02/06/2018 | 10222 | 657.3095492 ICAB | BUBTL-200310222 | 02/06/2018 | C-12 | 02/06/2018 | Books | ||||||
| Non-fiction | Bangladesh University of Business and Technology Library | Bangladesh University of Business and Technology Library | Finance Stacks | 02/06/2018 | 10224 | 657.3095492 ICAB | BUBTL-200310224 | 02/06/2018 | C-13 | 02/06/2018 | Books | ||||||
| Non-fiction | Bangladesh University of Business and Technology Library | Bangladesh University of Business and Technology Library | Finance Stacks | 02/06/2018 | 10234 | 657.3095492 ICAB | BUBTL-200310234 | 02/06/2018 | C-14 | 02/06/2018 | Books | ||||||
| Not For Loan | Non-fiction | Bangladesh University of Business and Technology Library | Bangladesh University of Business and Technology Library | Finance Stacks | 02/06/2018 | 10223 | 657.3095492 ICAB | BUBTL-200310223 | 02/06/2018 | C-15 | 02/06/2018 | Books | |||||
| Not For Loan | Non-fiction | Bangladesh University of Business and Technology Library | Bangladesh University of Business and Technology Library | Finance Stacks | 02/06/2018 | 10242 | 657.3095492 ICAB | BUBTL-200310242 | 02/06/2018 | C-16 | 02/06/2018 | Books | |||||
| Non-fiction | Bangladesh University of Business and Technology Library | Bangladesh University of Business and Technology Library | Finance Stacks | 02/06/2018 | 10225 | 657.3095492 ICAB | BUBTL-200310225 | 02/06/2018 | C-17 | 02/06/2018 | Books | ||||||
| Non-fiction | Bangladesh University of Business and Technology Library | Bangladesh University of Business and Technology Library | Finance Stacks | 02/06/2018 | 10228 | 657.3095492 ICAB | BUBTL-200310228 | 02/06/2018 | C-18 | 02/06/2018 | Books | ||||||
| Non-fiction | Bangladesh University of Business and Technology Library | Bangladesh University of Business and Technology Library | Finance Stacks | 02/06/2018 | 10221 | 657.3095492 ICAB | BUBTL-200310221 | 02/06/2018 | C-19 | 02/06/2018 | Books | ||||||
| Non-fiction | Bangladesh University of Business and Technology Library | Bangladesh University of Business and Technology Library | Finance Stacks | 02/06/2018 | 10239 | 657.3095492 ICAB | BUBTL-200310239 | 02/06/2018 | C-20 | 02/06/2018 | Books | ||||||
| Non-fiction | Bangladesh University of Business and Technology Library | Bangladesh University of Business and Technology Library | Finance Stacks | 02/06/2018 | 10232 | 657.3095492 ICAB | BUBTL-200310232 | 02/06/2018 | C-21 | 02/06/2018 | Books | ||||||
| Non-fiction | Bangladesh University of Business and Technology Library | Bangladesh University of Business and Technology Library | Finance Stacks | 02/06/2018 | 10226 | 657.3095492 ICAB | BUBTL-200310226 | 02/06/2018 | C-22 | 02/06/2018 | Books | ||||||
| Non-fiction | Bangladesh University of Business and Technology Library | Bangladesh University of Business and Technology Library | Finance Stacks | 02/06/2018 | 10241 | 657.3095492 ICAB | BUBTL-200310241 | 02/06/2018 | C-23 | 02/06/2018 | Books | ||||||
| Non-fiction | Bangladesh University of Business and Technology Library | Bangladesh University of Business and Technology Library | Finance Stacks | 02/06/2018 | 10238 | 657.3095492 ICAB | BUBTL-200310238 | 02/06/2018 | C-24 | 02/06/2018 | Books | ||||||
| Non-fiction | Bangladesh University of Business and Technology Library | Bangladesh University of Business and Technology Library | Finance Stacks | 02/06/2018 | 10240 | 657.3095492 ICAB | BUBTL-200310240 | 02/06/2018 | C-25 | 02/06/2018 | Books | ||||||
| Non-fiction | Bangladesh University of Business and Technology Library | Bangladesh University of Business and Technology Library | Finance Stacks | 02/06/2018 | 10230 | 657.3095492 ICAB | BUBTL-200310230 | 02/06/2018 | C-26 | 02/06/2018 | Books | ||||||
| Non-fiction | Bangladesh University of Business and Technology Library | Bangladesh University of Business and Technology Library | Finance Stacks | 02/06/2018 | 10236 | 657.3095492 ICAB | BUBTL-200310236 | 02/06/2018 | C-27 | 02/06/2018 | Books |
